| 000 | 00660nam a2200181Ia 4500 | ||
|---|---|---|---|
| 005 | 20250508153826.0 | ||
| 008 | 008 250505s9999 xx 000 0 ger d | ||
| 037 | _aBooks to be hide in OPAC | ||
| 040 |
_aFEDL _beng _cFEDL |
||
| 041 |
_ager _2eng |
||
| 084 |
_a370.15, STE/O _qFEDL |
||
| 100 |
_aStern L William _9764261 |
||
| 245 | 0 | _aBeitrage zur psychologie der aussage mit besonderer berilcksichtigung von problemen der rechtsplege, piidagogik, psychiatrie und gesechichtsforschung | |
| 260 |
_aLeipzig, Germany _bVerlag Von Johann Ambrosius Barth _c1906 |
||
| 300 | _av,158p. | ||
| 942 |
_cHB _h370.15, STE/O |
||
| 999 |
_c1345772 _d1345772 |
||